000 00450pab a2200169 454500
008 180718b2003 xxu||||| |||| 00| 0 eng d
100 _aKashyap, Lina
245 _aInterventions with children: the forgotten victims of marriage breakdown
260 _c2003
300 _ap.210-18.
362 _aApr
650 _aChildren
650 _aMarriage
650 _aFamily disorganization
773 _aIndian Journal of Social Work
909 _a60709
999 _c60709
_d60709